The six sigma handbook

Guardat en:
Dades bibliogràfiques
Autors principals: Pyzdek, Thomas (Autor), Keller, Paul (Autor)
Format: Llibre
Idioma:anglès
Publicat: Nueva York McGraw Hill 2014
Edició:4a. ed
Matèries:
Etiquetes: Afegir etiqueta
Sense etiquetes, Sigues el primer a etiquetar aquest registre!

MARC

LEADER 00000cam a2200000 a 4500
001 UCE5612
003 CL-VaPUC
008 150123e20140000us |||||||||||||||||eng|d
020 |a 9780071840538 
082 0 4 |a 658.562  |b PYZ  |2 21 
100 0 |a Pyzdek, Thomas  |e author  |9 578272 
700 0 |a Keller, Paul  |e author  |9 578273 
245 1 4 |a The six sigma handbook 
250 |a 4a. ed 
300 |a 690 p 
942 |c BK 
945 |d 20150123 15:06:00  |a arojas 
260 |a Nueva York  |b McGraw Hill  |c 2014 
650 0 |a Gestión de la producción   |9 259467 
650 0 |a Control de calidad   |9 259714 
650 7 |a SEIS SIGMA  |2 CL-VaPUC  |9 554369 
650 0 |a Métodos estadísticos   |9 259407 
583 |a last modification  |c 20150326 12:27:50  |k Rodrigo Vera 
999 |c 358273  |d 358271 
952 |0 0  |1 0  |2 ddc  |3 erd  |4 0  |6 658_562000000000000_PYZ_2014  |7 0  |8 A  |9 466886  |a BIBING  |b BIBING  |c RES  |i 5136202  |o 658.562 PYZ 2014  |p 5136202  |r 2025-01-20  |w 2019-11-23  |y BK  |z Catalogado en:20150123  |k EII